000 00280nam a22001337a 4500
008 170421b xxu||||| |||| 00| 0 eng d
020 _a2900534492761
041 _aeng
080 _27 ED
_a573
100 _a11
101 _aSHM
245 _aBIOLOGY
_cBERG.M
942 _2udc
_cBK
999 _c11524
_d11524